Customer Approach in Marketing Strategy

Interakcia spoločnosť a trh. Spotrebiteľský prístup v marketingovej stratégii. Výber vhodných spotrebiteľov. Komunikácia so spotrebiteľom.

Uložené v:
Podrobná bibliografia
Hlavný autor: Lesáková, Dagmar, 1949-
Médium: Kapitola
Jazyk:English
Predmet:
Tagy: Pridať tag
Žiadne tagy, Buďte prvý, kto otaguje tento záznam!

MARC

LEADER 00000naa$a2200000$$$4500
001 0051632
005 20240502083136.2
041 0 |a eng 
044 |a CZ 
245 1 0 |a Customer Approach in Marketing Strategy  |c Dagmar Lesáková 
520 |a Interakcia spoločnosť a trh. Spotrebiteľský prístup v marketingovej stratégii. Výber vhodných spotrebiteľov. Komunikácia so spotrebiteľom. 
610 2 0 |a zákazníci 
610 2 0 |a spotrebitelia 
610 2 0 |a stratégia marketingová 
610 2 0 |a lojálnosť zákazníkov 
610 2 0 |a komunikácia manažérska 
610 2 0 |a komunikácia marketingová 
100 1 |a Lesáková, Dagmar, 1949-